000 00885nam a2200229 a 4500
001 000011421
005 20200929162440.0
008 091016s1972 sp a 000 0 spa d
040 _aDO-SdBNP
_bspa
_cBNPHU
082 _a927.3092
_bG113g
100 1 _aGarcía Tizón, Antonio.
_927083
245 1 0 _aAmadeo Gabino /
_cAntonio García Tizón.
260 _aMadrid :
_bDirección General de Bellas Artes,
_c1972.
300 _a88 p. :
_bil. ;
_c17 cm.
490 1 _aArtistas Españoles Contemporáneos
_aEscultores
_v27
500 _aIncluye referencias bibliográficas y notas al pie de las paginas
500 _aIncluye datos biográficos del autor en las solapas
504 _aBibliografías : p. 75-77
600 1 4 _aGABINO, AMADEO,
_d1922-2004
_xBIOGRAFÍAS
_927084
650 4 _aEscultura española
_927082
830 0 _aArtistas Españoles Contemporáneos,
_pEscultores ;
_n27
_927085
999 _c11124
_d11124